000 00675 a2200205 4500
005 20100810101119.0
010 _aENG-99273
020 _c90.00
035 _aEN-82805
037 _bDBAD/PUB
082 _a881
100 _aIqbal, K. T. M.
_99761
245 _aEvening nummber & Other Poems /
_cby K. T. M. Iqbal ; translated by R. Balachandran
260 _aThhanjavur
_bAkaram
_c2008
270 _aPlote No.1, Niramla Nagar
_bThhanjavur
_e613007
300 _a96 p.
_c20cm.(pbk)
700 _aBalachandran, R.
_99757
942 _adpl
_cEN
_2ddc
_mIQB
_h881
999 _c40499
_d40499